000 00546nam a2200229Ia 4500
003 OSt
005 20221006144708.0
006 a|||||r|||| 00| 0
007 ta
008 221006b |||||||| |||| 00| 0 eng d
020 _c5.00
024 _a12,400
037 _cTextual
040 _aEASL
_cEASL
_beng
041 _2eng
_aeng
082 _aV41.N6, K3
245 0 _aCommunist China
260 _aDelhi
_bSiddhartha Pub.
_c1963
300 _a266p.
_ccm.
942 _hV41.N6, K3
_cTEXL
_2CC
999 _c1080486
_d1080486